• 首页
  • 本馆介绍
  • 公告通知
  • 最新文献
  • 馆藏检索
  • 电子资源
  • 读者导购
  • 参考咨询
  • 我的图书馆
  • 登录
  • 详细信息显示
  • 放入我的书架
  • 预约/预借图书
  • 作者相关作品
  • 分类相关作品
  • 丛书相关作品
  • 出版社相关作品

书目信息

  • 表格格式
  • 工作单格式
  • 卡片格式
题名:
整本书阅读与研讨
    
 
作者: 王宁 总主编 ;郑桂华 , 程元本 册主编
分册:  
出版信息: 北京   语文出版社  2021.1
页数: 212页
开本: 26cm
丛书名: 高中语文学习任务群详解与案例丛书
单 册:
中图分类: G633.332
科图分类:
主题词: 阅读课--教学研究--中学中
电子资源:
ISBN: 978-7-5187-1154-3
000 01356nam2 2200289 450
001 012001002725
005 20141204084415.0
010    @a978-7-5187-1154-3@dCNY40.00
100    @a20220905d2021 em y0chiy50 ea
101 0  @achi
102    @aCN@b110000
105    @ay z 000yy
106    @ar
200 1  @a整本书阅读与研讨@Azheng ben shu yue du yu yan tao@f王宁总主编@g郑桂华,程元本册主编
210    @a北京@c语文出版社@d2021.1
215    @a212页@d26cm
225 2  @a高中语文学习任务群详解与案例丛书
304    @a题名页题: 本册编写人员王圣洁,方一燕,华卫民,杨赢等
330    @a最新颁布的《普通高中语文课程标准》围绕高中学生应当形成的语文核心素养,提出了18个任务群,目前全国大多数语文教师不理解什么是任务群,更不知在教学中如何实施。针对这一现状,北师大教授、语文课程标准研制组组长王宁先生带领王云峰、郑桂华、陆志平等骨干成员,联合北京、上海、南京的教研员做了大量研讨、设计和试教工作,积累了一定数量的教学案例。拟从中选择相对成熟案例,按照一定的体例编排、修改、完善,使之形成一套体现课标理念、引领当前高中语文教学的优秀案例集。
410  0 @12001 @a高中语文学习任务群详解与案例丛书
606 0  @a阅读课@x教学研究@x中学中
690    @aG633.332@v5
701  0 @a王宁@Awang ning zong@4总主编
702  0 @a郑桂华@AZheng Gui Hua@4册主编
702  0 @a程元本@ACheng Yuan Ben@4册主编
801  0 @aCN@bAHXH@c20221111
905    @b1373364-8@dG633.332@e1056@f5
    
    整本书阅读与研讨/王宁总主编/郑桂华,程元本册主编.-北京:语文出版社,2021.1
    212页;26cm.-(高中语文学习任务群详解与案例丛书)
    
    
    ISBN 978-7-5187-1154-3:CNY40.00
    最新颁布的《普通高中语文课程标准》围绕高中学生应当形成的语文核心素养,提出了18个任务群,目前全国大多数语文教师不理解什么是任务群,更不知在教学中如何实施。针对这一现状,北师大教授、语文课程标准研制组组长王宁先生带领王云峰、郑桂华、陆志平等骨干成员,联合北京、上海、南京的教研员做了大量研讨、设计和试教工作,积累了一定数量的教学案例。拟从中选择相对成熟案例,按照一定的体例编排、修改、完善,使之形成一套体现课标理念、引领当前高中语文教学的优秀案例集。
●
相关链接 在E读中查询图书 在五车中查询图书 在当当中查询图书 在豆瓣中查询图书


正题名:整本书阅读与研讨     索取号:G633.332/1056         预约/预借

序号 登录号 条形码 馆藏地/架位号 状态 备注
1 1373364   213733646   第一样本阅览室/ [索取号:G633.332/1056] 在馆    
2 1373365   213733655   教育系资料室/ [索取号:G633.332/1056] 在馆    
3 1373366   213733664   教育系资料室/ [索取号:G633.332/1056] 在馆    
4 1373367   213733673   第四借阅区/ [索取号:G633.332/1056] 在馆    
5 1373368   213733682   第四借阅区/ [索取号:G633.332/1056] 在馆    
唐山师范学院图书馆 欢迎您!
大连网信软件有限公司© 版权所有